| 000 | 00567nam a2200193 i 4500 | ||
|---|---|---|---|
| 001 | 112281 | ||
| 003 | ES-MaACL | ||
| 005 | 20230906185509.0 | ||
| 007 | t| | ||
| 008 | 061121s1968 sp r ||||1| spa d | ||
| 100 | 1 |
_aNiebuhr, Richard. _985620 |
|
| 245 | 1 | 0 |
_aCristo y la cultura / _cRichard Niebuhr; [traducción de José Luis Lana]. |
| 250 | _a1ª ed. | ||
| 260 |
_aBarcelona : _bPenínsula, _c1968. |
||
| 300 |
_a262 p. ; _c19 cm. |
||
| 650 | 4 |
_aCristianismo y cultura. _9148276 |
|
| 700 | 1 |
_aLana, José Luis. _969884 |
|
| 852 |
_aES-MaACL _jC-50321 _bR.66770 |
||
| 999 |
_c112281 _d112281 |
||